| 000 | 00726cab a2200241 4500 | ||
|---|---|---|---|
| 001 | ABS57621 | ||
| 008 | 090401t1997 xxu||||| |||| 00| 0 eng d | ||
| 035 | _a(Sirsi) u80716 | ||
| 041 | _aeng | ||
| 100 | _aWilbourn, P. | ||
| 245 | _aFinal touches to the ground rules | ||
| 260 | _c1997 | ||
| 350 | _a0 | ||
| 490 |
_aPlanning (for the Natural and Built Environment) _v(1233) 29 August 1997, 8(1) |
||
| 520 | _aConsiders the problems being caused in the property industry by delays in finalising the new rules on contaminated land. | ||
| 650 | _aCONTAMINATED LAND | ||
| 650 | _aENVIRONMENTAL PROTECTION ACT 1990 | ||
| 650 | _aPLANNING | ||
| 650 | _aPPG23 | ||
| 690 | _aLAND | ||
| 942 | _n0 | ||
| 948 | _c08/09/1997 | ||
| 999 |
_c50817 _d50817 |
||